| 000 | 01098nam a22003017a 4500 | ||
|---|---|---|---|
| 001 | BR8500838 | ||
| 003 | BR-BrBNA | ||
| 005 | 20230928092055.0 | ||
| 007 | ta | ||
| 008 | 230509b bl.||||| |||| 00| 0 por d | ||
| 040 |
_aBR-BrBNA _bpor _cBiblioteca Nacional de Agricultura |
||
| 041 | _a(Por) | ||
| 072 |
_aK10 _b3240 _b3575 _b3530 |
||
| 090 | _ 3240 BR8500838 | ||
| 100 | 1 | _aCoelho, L.C.C. | |
| 110 | 1 |
_aEscola Superior de Agricultura Luiz de Queiroz, Piracicaba, SP (Brasil) _0Tese (Mestre em Engenharia Florestal) |
|
| 245 | 1 | _aComportamento silvicultural do Eucalyptus grandis Hill ex Maiden face a classificacao pelo tamanho de semente de plantula e de muda [eucalipto] | |
| 246 | 1 | _aSilvicultural performance of Eucalyptus grandis Hill ex Maiden as classified by seedling and stock sizes [eucalypt] | |
| 260 | 3 |
_aPiracicaba, SP (Brasil): _c1984. |
|
| 300 | _a134 p. | ||
| 500 | _a6 illus.; 33 tables; 36 ref.; Summaries (Eng, Por) | ||
| 650 | _aEUCALIPTO | ||
| 650 | _aSEMENTE | ||
| 650 | _aPLANTULA | ||
| 650 | _aMUDA | ||
| 909 |
_a202309 _bLucia _c55 _dLucia Elande |
||
| 942 | _cBK | ||
| 999 |
_c37009 _d37009 |
||